[Event "Mar del Plata"]
[Site "Mar del Plata"]
[Date "1971.??.??"]
[Round "1"]
[White "Pilnik, Herman"]
[Black "Juarez, Carlos Eleodoro"]
[Result "1-0"]
[WhiteElo "2420"]
[BlackElo "2340"]

1.e4 c5 2.Nf3 d6 3.Nc3 e6 4.g3 Be7 5.Bg2 Nf6 6.O-O O-O 7.d4 cxd4 8.Nxd4 a6
9.h3 Qc7 10.g4 Nc6 11.Nde2 b5 12.Ng3 Rd8 13.g5 Ne8 14.a3 Bb7 15.h4 b4 16.Na4 d5
17.exd5 Ne5 18.Qe2 Bxd5 19.Bxd5 Rxd5 20.axb4 Bxb4 21.Bf4 Bd6 22.Nc3 Ra5 23.Nge4 Rxa1
24.Rxa1 Qc4 25.Qe3 Bc7 26.Nd2 Qb4 27.Bxe5 Bxe5 28.Qxe5 Qxb2 29.Rb1 Qxc2 30.Rb8 Rxb8
31.Qxb8 Kf8 32.Qb4+ Kg8 33.Qe7 h6 34.Qxe8+ Kh7 35.Qxf7 hxg5 36.Nde4  1-0

[Event "Mar del Plata"]
[Site "Mar del Plata"]
[Date "1971.??.??"]
[Round "1"]
[White "Savon, Vladimir A"]
[Black "Panno, Oscar"]
[Result "1/2-1/2"]
[WhiteElo "2570"]
[BlackElo "2570"]

1.e4 e6 2.d4 d5 3.Nc3 Bb4 4.e5 c5 5.a3 Bxc3+ 6.bxc3 Qc7 7.Nf3 Ne7 8.Be2 b6
9.a4 Ba6 10.a5 O-O 11.Bxa6 Nxa6 12.Qd3 Qb7 13.Ng5 Ng6 14.h4 cxd4 15.h5 Nc5
16.Qg3 Ne7 17.h6 g6 18.axb6 Ne4 19.Qf4 f5 20.exf6 Rxf6 21.Qe5 Raf8 22.Nxe4 dxe4
23.O-O Qd5 24.cxd4 axb6 25.Bg5 R6f7 26.Bxe7 Rxe7 27.Rab1 Qxe5 28.dxe5 Rf5
29.Rxb6 Rxe5 30.c4 Kf7 31.Rb5 Kf6 32.Rc1 Rc7 33.c5 Kg5 34.Kf1 Kxh6 35.Ke2 Kg5
36.Ke3 Kf5 37.Rc2 Rd5 38.Rc4 Rd3+ 39.Ke2 Rd5 40.Ke3 h5 41.g3 g5 42.Ra5 h4
43.gxh4 gxh4 44.Rxe4 Rcxc5 45.Rxc5 Rxc5  1/2-1/2

[Event "Mar del Plata"]
[Site "Mar del Plata"]
[Date "1971.??.??"]
[Round "1"]
[White "Schweber, Samuel"]
[Black "Brond, Victor"]
[Result "1-0"]
[WhiteElo "2435"]
[BlackElo "2315"]

1.e4 c5 2.Nf3 e6 3.Nc3 a6 4.g3 Nc6 5.Bg2 Qc7 6.O-O d6 7.d4 cxd4 8.Nxd4 Bd7
9.Nce2 Rc8 10.Nxc6 Bxc6 11.Nd4 Bd7 12.a4 Nf6 13.b3 Be7 14.c4 O-O 15.a5 Rfd8
16.Be3 Qb8 17.f4 d5 18.e5 Ne4 19.Bxe4 dxe4 20.Qc2 b5 21.axb6 Qxb6 22.Qxe4 Bc5
23.Rad1 g6 24.Nc2 Qxb3 25.Bxc5 Rxc5 26.Ne3 Kg7 27.f5 gxf5 28.Qf4 h6 29.Ng4 Rh8
30.Rxd7 Rxc4 31.Qe3 Qxe3+ 32.Nxe3 Re4 33.Ng2 Rxe5 34.Ra7 a5 35.g4 Rd8 36.gxf5 exf5
37.Nh4 Rdd5 38.Rc1 f4 39.Rcc7 Rg5+ 40.Kf1 Rd1+ 41.Ke2 Rh1 42.Rxf7+ Kg8 43.Rfd7 Rxh2+
44.Kd3 Rg3+ 45.Ke4  1-0

[Event "Mar del Plata"]
[Site "Mar del Plata"]
[Date "1971.??.??"]
[Round "1"]
[White "Sumiacher, Carlos"]
[Black "Najdorf, Miguel"]
[Result "0-1"]
[WhiteElo "2315"]
[BlackElo "2530"]

1.c4 Nf6 2.g3 g6 3.Bg2 Bg7 4.Nc3 O-O 5.e4 e5 6.Nge2 d6 7.O-O Be6 8.d3 Qc8
9.f3 c6 10.Bg5 h6 11.Be3 Na6 12.Rc1 Qd7 13.Qa4 Nc5 14.Qc2 a5 15.b3 Bh3 16.d4 Bxg2
17.Kxg2 exd4 18.Nxd4 Qe7 19.Rfe1 Nfd7 20.Rcd1 Rfe8 21.a3 Ne5 22.Bf2 Qf6 23.Nce2 h5
24.Nf4 Ncd7 25.Be3 a4 26.b4 Nb6 27.Nh3 Bf8 28.c5 dxc5 29.bxc5 Nbc4 30.Bg5 Qg7
31.Qc3 Na5 32.f4 Nd7 33.e5 Nxc5 34.Bf6 Qh6 35.Ng5 b6 36.f5 Bg7 37.Bxg7 Qxg5
38.Bf6 Qh6 39.e6 fxe6 40.Nxe6 gxf5 41.Nxc5 bxc5 42.Be5 Qh7 43.Rd6 Qf7 44.Qd2 f4
45.Qc2 Re6 46.Rxe6 Qxe6 47.Bc3 Qf7 48.Re5 Nc4 49.Rg5+ Kf8 50.Bg7+ Ke8 51.Qe4+ Kd7
52.Rxc5 Ne3+ 53.Kg1 Nd5 54.Be5 fxg3 55.hxg3 Rf8 56.Bf4 Qe7 57.Qxe7+ Kxe7
58.Rc4 Nxf4 59.gxf4 Kd6 60.Rxa4 c5 61.Kf2 Kd5 62.Kf3 Rh8 63.Ra7 h4 64.Rd7+ Kc4
65.Kg2 Kb3 66.Rd3+ Kb2 67.Rd2+ Kxa3 68.f5 c4 69.f6 Rf8 70.Rd6 Kb4 71.Kh3 Kc5
72.Re6 c3 73.Kxh4 c2 74.Re1 Rxf6 75.Rc1 Rf2 76.Kg3 Rd2  0-1

[Event "Mar del Plata"]
[Site "Mar del Plata"]
[Date "1971.??.??"]
[Round "2"]
[White "Planinec, Albin"]
[Black "Savon, Vladimir A"]
[Result "1/2-1/2"]
[WhiteElo "2510"]
[BlackElo "2570"]

1.e4 c5 2.Nf3 d6 3.d4 cxd4 4.Nxd4 Nf6 5.Nc3 a6 6.Bg5 e6 7.f4 Be7 8.Qf3 Qc7
9.O-O-O Nbd7 10.g4 b5 11.Bxf6 Nxf6 12.g5 Nd7 13.a3 Rb8 14.h4 b4 15.axb4 Rxb4
16.Bh3 Qc5 17.Nb3 Qb6 18.h5 Nc5 19.Nxc5 Qxc5 20.g6 fxg6 21.hxg6 h6 22.Bg4 Qa5
23.b3 Qa3+ 24.Kd2 Rd4+ 25.Ke2 Rxd1 26.Rxd1 Qc5 27.Qe3 Qc6 28.Rd3 O-O 29.Qh3 Rf6
30.f5 Qc5 31.fxe6 Qf2+ 32.Kd1 Qg1+ 33.Kd2 Rf2+ 34.Ne2 Bg5+ 35.Re3 Bxe3+ 36.Kxe3 Rxe2+
37.Kxe2 Qc5 38.Qd3 h5 39.Bf5 Kf8 40.c4 Ke7 41.Qf3 Qe5 42.Qxh5 Qb2+ 43.Kf3 Qxb3+
44.Kf4 Qb2 45.Qh4+ Ke8 46.Qh8+ Ke7 47.Qxc8 Qf2+  1/2-1/2

[Event "Mar del Plata"]
[Site "Mar del Plata"]
[Date "1971.??.??"]
[Round "3"]
[White "Schweber, Samuel"]
[Black "Poch, Caesar G"]
[Result "1-0"]
[WhiteElo "2435"]
[BlackElo "2300"]

1.e4 e6 2.d4 d5 3.Nc3 Bb4 4.e5 c5 5.a3 Bxc3+ 6.bxc3 Qc7 7.Nf3 Ne7 8.a4 b6
9.Bb5+ Bd7 10.Be2 Nbc6 11.O-O O-O 12.Re1 f6 13.exf6 gxf6 14.Bh6 Rf7 15.Nh4 Ng6
16.Bh5 Nce7 17.Qd3 c4 18.Qh3 Re8 19.f4 e5 20.f5 Nxh4 21.Qxh4 Bxf5 22.Bxf7+ Kxf7
23.dxe5 fxe5 24.Qh5+ Bg6 25.Qxe5 Qxe5 26.Rxe5 Bxc2 27.Bg5 Nf5 28.Rxe8 Kxe8
29.a5 b5 30.a6 Kd7 31.g4 Nd6 32.Be3 b4 33.cxb4 Nb5 34.Bc5 c3 35.Rc1 Be4 36.Bxa7 Nxa7
37.Rxc3 Kd6 38.Kf2 d4 39.Rc4 Nb5 40.Rc5 Na7 41.Rc4 Nb5 42.Rc8 Kd7 43.Rc5 Na7
44.Rc4 Nb5 45.h4 Bd3 46.Rc5 Na7 47.g5 Kd6 48.h5 Be4 49.g6 hxg6 50.h6 g5 51.Rxg5 Kc6
52.Re5 Bd3 53.Ke1 Kb6 54.Kd2 Bb1 55.b5 Nc8 56.Re8 Kc7 57.Re6 Kd7 58.Rf6 Ke7  1-0

[Event "Mar del Plata"]
[Site "Mar del Plata"]
[Date "1971.??.??"]
[Round "3"]
[White "Sumiacher, Carlos"]
[Black "Planinec, Albin"]
[Result "0-1"]
[WhiteElo "2315"]
[BlackElo "2510"]

1.c4 Nf6 2.g3 e5 3.Bg2 c6 4.Nf3 e4 5.Nd4 d5 6.cxd5 Qxd5 7.e3 c5 8.Nc3 Qe5
9.Nde2 Nc6 10.d3 exd3 11.Nf4 c4 12.Qa4 Qc5 13.b3 g5 14.Ba3 Qxa3 15.Bxc6+ Kd8
16.Qxc4 d2+ 17.Kxd2 Qb2+ 18.Kd3 bxc6 19.Qxc6 Nd7 20.Rhd1 Rb8 21.Nb5 Bb7 22.Qc7+ Ke8
23.Rd2 Ne5+ 24.Ke2 Bf3+  0-1

[Event "Mar del Plata"]
[Site "Mar del Plata"]
[Date "1971.??.??"]
[Round "3"]
[White "Pilnik, Herman"]
[Black "Quinteros, Miguel A"]
[Result "1/2-1/2"]
[WhiteElo "2420"]
[BlackElo "2465"]

1.e4 c5 2.Nf3 e6 3.Nc3 a6 4.g3 Qc7 5.Bg2 Nf6 6.O-O Be7 7.h3 O-O 8.d3 b5 9.Bf4 d6
10.e5 Ne8 11.exd6 Bxd6 12.Be3 Nf6 13.a4 b4 14.Ne4 Nxe4 15.dxe4 Rd8 16.Qc1 Nc6
17.Nd2 a5 18.f4 Ba6 19.Rf2 Bf8 20.Bf1 Bb7 21.c3 Rac8 22.Nf3 Qb8 23.Rd2 Nd4
24.Nxd4 cxd4 25.Rxd4 Rxd4 26.Bxd4 Bxe4 27.Qe3 Ba8 28.Rd1 bxc3 29.bxc3 Qb3
30.Rd2 Qxa4 31.Qd3 Rd8 32.Qb5 Qxb5 33.Bxb5 Bc5 34.Ra2 Bxd4+ 35.cxd4 Rxd4
36.Rxa5 Bd5 37.Be2 g6 38.Kf2 h5 39.h4 Rd2 40.Rc5 Kg7 41.Rc1 Rb2 42.Ke3 Rb7
43.Rd1 Kf6 44.Bd3 Rb3 45.Rc1 e5 46.fxe5+ Kxe5 47.Rc5 Ra3 48.Rb5 f5 49.Kd2 Kd4
50.Rb4+ Kc5 51.Rb5+ Kc6 52.Rb4 Ra2+ 53.Ke3 Rg2 54.Kf4 Rf2+ 55.Ke5 Rf3 56.Rd4 Bb3
57.Bb1 Rxg3 58.Rd3 Rxd3  1/2-1/2

[Event "Mar del Plata"]
[Site "Mar del Plata"]
[Date "1971.??.??"]
[Round "4"]
[White "Brond, Victor"]
[Black "Mecking, Henrique"]
[Result "0-1"]
[WhiteElo "2315"]
[BlackElo "2540"]

1.d4 Nf6 2.Nf3 g6 3.Bg5 Bg7 4.Nbd2 O-O 5.e4 d6 6.c3 b6 7.Bd3 Bb7 8.O-O c5
9.dxc5 bxc5 10.Qe2 Nc6 11.Rad1 Nd7 12.Nc4 Qc7 13.Rfe1 Nb6 14.Qd2 Ba6 15.Ne3 Bxd3
16.Qxd3 Rab8 17.Nd5 Qb7 18.Rd2 Rfe8 19.h4 Nd7 20.h5 e6 21.hxg6 hxg6 22.Ne3 Nce5
23.Nxe5 Nxe5 24.Qb1 c4 25.Red1 f5 26.exf5 gxf5 27.f4 Nf7 28.Nxc4 d5 29.Ne3 Nxg5
30.fxg5 Qb6 31.Re2 f4 32.Qg6 fxe3 33.Qh5 Rf8 34.g6 Rf2 35.Rde1 Rxe2 36.Rxe2 e5
37.g3 Qf6 38.Rxe3 Qb6 39.Qf3 e4 40.Qf4 Rd8 41.Qg5 d4 42.cxd4 Bxd4 43.Kg2 Bxe3
44.Qe7 Rd2+  0-1

[Event "Mar del Plata"]
[Site "Mar del Plata"]
[Date "1971.??.??"]
[Round "4"]
[White "Savon, Vladimir A"]
[Black "Sumiacher, Carlos"]
[Result "1-0"]
[WhiteElo "2570"]
[BlackElo "2315"]

1.Nf3 g6 2.g3 Bg7 3.Bg2 Nf6 4.O-O O-O 5.c4 d6 6.Nc3 e5 7.d3 Nc6 8.Rb1 Nh5
9.b4 f5 10.b5 Ne7 11.Qb3 h6 12.c5+ d5 13.e4 c6 14.bxc6 bxc6 15.exd5 cxd5
16.Re1 Kh7 17.Nxe5 f4 18.Nxd5 fxg3 19.hxg3 Nf5 20.Bb2  1-0

[Event "Mar del Plata"]
[Site "Mar del Plata"]
[Date "1971.??.??"]
[Round "5"]
[White "Mecking, Henrique"]
[Black "Quinteros, Miguel A"]
[Result "1-0"]
[WhiteElo "2540"]
[BlackElo "2465"]

1.e4 c5 2.Nf3 Qc7 3.c4 d6 4.d4 Bg4 5.d5 e5 6.Nc3 g6 7.Be2 Bxf3 8.Bxf3 Bh6
9.Bxh6 Nxh6 10.h4 Ng8 11.h5 g5 12.Bg4 Nd7 13.Nb5 Qb6 14.Bxd7+ Kxd7 15.Qg4+ Ke7
16.Qxg5+ Nf6 17.Rh3 Rag8 18.Qf5 a6 19.Rf3 Nxe4 20.Qxe4 axb5 21.Qh4+ Ke8 22.Qf6 bxc4
23.Qxf7+ Kd8 24.Ra3  1-0

[Event "Mar del Plata"]
[Site "Mar del Plata"]
[Date "1971.??.??"]
[Round "5"]
[White "Pilnik, Herman"]
[Black "Najdorf, Miguel"]
[Result "1/2-1/2"]
[WhiteElo "2420"]
[BlackElo "2530"]

1.e4 c5 2.Nf3 d6 3.Nc3 Nf6 4.d4 cxd4 5.Nxd4 a6 6.Be2 e5 7.Nb3 Be7 8.O-O O-O
9.Be3 Be6 10.f3 Nbd7 11.a4 b6 12.Rf2 Qc7 13.Bf1 h6 14.Rd2 Rfb8 15.Nc1 Nc5  1/2-1/2

[Event "Mar del Plata"]
[Site "Mar del Plata"]
[Date "1971.??.??"]
[Round "5"]
[White "Rubinetti, Jorge A"]
[Black "Planinec, Albin"]
[Result "0-1"]
[WhiteElo "2425"]
[BlackElo "2510"]

1.e4 e6 2.d4 d5 3.e5 c5 4.c3 Nc6 5.Nf3 Qb6 6.Bd3 cxd4 7.cxd4 Bd7 8.Nc3 Nxd4
9.Nxd4 Qxd4 10.O-O a6 11.Qe2 Ne7 12.Rd1 Qa7 13.Bf4 Nc6 14.Rac1 g6 15.h4 Bg7
16.h5 O-O 17.Bb1 Rac8 18.Rd3 d4 19.Ne4 Nxe5 20.Rxc8 Rxc8 21.Rh3 Bb5 22.Qd1 Qb6
23.Ng5 h6 24.hxg6 hxg5 25.Bxe5 Bxe5 26.f4 Bxf4 27.gxf7+ Kxf7 28.Rh7+ Kf6
29.Rh6+ Ke7 30.Rh7+ Kd6  0-1

[Event "Mar del Plata"]
[Site "Mar del Plata"]
[Date "1971.??.??"]
[Round "6"]
[White "Poch, Caesar G"]
[Black "Mecking, Henrique"]
[Result "1/2-1/2"]
[WhiteElo "2300"]
[BlackElo "2540"]

1.Nf3 Nf6 2.c4 e6 3.g3 b6 4.Bg2 Bb7 5.O-O Be7 6.Nc3 O-O 7.d3 d5 8.cxd5 Nxd5
9.e4 Nxc3 10.bxc3 Ba6 11.c4 c5 12.Bb2 Nc6 13.Qe2 Qd7 14.Rfd1 Rfd8 15.Ne1 Nd4
16.Bxd4 Qxd4 17.e5 Rab8 18.Be4 b5 19.Nf3 Qc3 20.Rac1 Qa3 21.Nd2 b4 22.Qf3 Qb2
23.Qe2 g6 24.f4 Bb7 25.Kf1 Bxe4 26.Nxe4 Qd4 27.Qf2 a5 28.Qxd4 Rxd4 29.Ke2 a4
30.g4 h6 31.h4 Bxh4 32.Rh1 g5 33.Nxc5 Rxf4 34.Ne4 Kg7 35.Rhg1 h5 36.gxh5 g4
37.c5 Bd8 38.Rcf1 Rxf1 39.Rxg4+ Kh6 40.Kxf1 b3 41.axb3 axb3 42.Nc3 b2 43.Nb1 Bc7
44.Re4 Kxh5 45.Ke2 Rg8 46.Kd1 Rg4 47.Rxg4 Kxg4 48.d4 Kf3 49.Kc2 Ke3 50.Nc3 Kxd4
51.Nb5+ Kxc5 52.Nxc7 Kd4 53.Kxb2 Kxe5 54.Kc2 Ke4 55.Kd2 Kf3 56.Ne8 e5 57.Nf6  1/2-1/2

[Event "Mar del Plata"]
[Site "Mar del Plata"]
[Date "1971.??.??"]
[Round "6"]
[White "Sumiacher, Carlos"]
[Black "Gheorghiu, Florin"]
[Result "1/2-1/2"]
[WhiteElo "2315"]
[BlackElo "2530"]

1.c4 e5 2.Nc3 Nc6 3.g3 g6 4.Bg2 Bg7 5.e3 d6 6.Nge2 Nge7 7.Rb1 Be6 8.Nd5 f5
9.d3 O-O 10.b4 Qd7 11.b5 Nd8 12.O-O Nc8 13.Qb3 c6 14.bxc6 bxc6 15.Ndc3 Nb6
16.Qc2 Nb7 17.f4 e4 18.dxe4 Bxc4 19.Rd1 fxe4 20.Nxe4 d5 21.Ng5 Nd6 22.e4 h6
23.Bh3 Qe7 24.Ne6 Nxe4 25.Nxg7 Bxe2 26.Qxe2 Kxg7 27.Bb2+ Kh7 28.Rbc1 c5 29.Ba3  1/2-1/2

[Event "Mar del Plata"]
[Site "Mar del Plata"]
[Date "1971.??.??"]
[Round "7"]
[White "Mecking, Henrique"]
[Black "Najdorf, Miguel"]
[Result "1-0"]
[WhiteElo "2540"]
[BlackElo "2530"]

1.e4 c5 2.Nf3 d6 3.Nc3 Nf6 4.d4 cxd4 5.Nxd4 a6 6.Bg5 e6 7.f4 Be7 8.Qf3 Qc7
9.O-O-O Nbd7 10.Be2 Rb8 11.g4 b5 12.Bxf6 Nxf6 13.g5 Nd7 14.Bd3 b4 15.Nce2 Nc5
16.Rhg1 g6 17.f5 e5 18.Nb3 Nxd3+ 19.Qxd3 Bd7 20.f6 Bb5 21.Qd2 Bd8 22.Ng3 O-O
23.Qg2 Rc8 24.Kb1 Qd7 25.Nf5 gxf5 26.Qh3 Kh8 27.exf5 Be2 28.Rg3 Bh5 29.Rf1 Qb5
30.Rf2 Qb6 31.Rfg2 Qb5 32.g6 fxg6 33.fxg6 Bxf6 34.Qxh5 Qf1+ 35.Nc1 Rc7 36.gxh7 Rxh7
37.Qxh7+ Kxh7 38.Rh3+  1-0

[Event "Mar del Plata"]
[Site "Mar del Plata"]
[Date "1971.??.??"]
[Round "7"]
[White "Polugaevsky, Lev"]
[Black "Panno, Oscar"]
[Result "1/2-1/2"]
[WhiteElo "2640"]
[BlackElo "2570"]

1.c4 e5 2.Nc3 Nf6 3.g3 Bb4 4.Bg2 O-O 5.Nf3 Re8 6.O-O e4 7.Nd4 Nc6 8.Nc2 Bxc3
9.dxc3 h6 10.Ne3 Ne5 11.Qc2 d6 12.Bxe4 Nxc4 13.Bg2 Nxe3 14.Bxe3 Qe7 15.c4 Ne4
16.b3 Bd7 17.Bd4 f5 18.Rae1 Rf8 19.f3 Nf6 20.e3 Rae8 21.Bh3 Nh7 22.f4 b6
23.e4 fxe4 24.Bxd7 Qxd7 25.Rxe4 Nf6 26.Rxe8 Qxe8 27.Qd1 c6 28.Re1 Qd7 29.Qd3 Re8
30.Rxe8+ Nxe8 31.Qg6 Kf8 32.Qe4 Kf7  1/2-1/2

[Event "Mar del Plata"]
[Site "Mar del Plata"]
[Date "1971.??.??"]
[Round "7"]
[White "Rubinetti, Jorge A"]
[Black "Sumiacher, Carlos"]
[Result "1-0"]
[WhiteElo "2425"]
[BlackElo "2315"]

1.d4 Nf6 2.c4 c5 3.d5 g6 4.Nc3 d6 5.e4 Bg7 6.Nf3 O-O 7.Be2 Na6 8.O-O Nc7
9.Bf4 Nh5 10.Bg5 h6 11.Be3 e5 12.dxe6 Nxe6 13.Qd2 Kh7 14.Rfd1 Qf6 15.g3 Rd8
16.Rab1 Bf8 17.Nh4 Bd7 18.Nd5 Qg7 19.Bxh5 gxh5 20.Qe2 Nd4 21.Bxd4 cxd4 22.Qxh5 Rac8
23.b3 Re8 24.Nf5 Qg6 25.Qxg6+ Kxg6 26.Nh4+  1-0

[Event "Mar del Plata"]
[Site "Mar del Plata"]
[Date "1971.??.??"]
[Round "8"]
[White "Panno, Oscar"]
[Black "Mecking, Henrique"]
[Result "1-0"]
[WhiteElo "2570"]
[BlackElo "2540"]

1.c4 Nf6 2.g3 e6 3.Bg2 d5 4.Nf3 Be7 5.O-O O-O 6.d4 dxc4 7.Ne5 c5 8.dxc5 Bxc5
9.Nc3 Qe7 10.Bg5 h6 11.Bxf6 Qxf6 12.Nxc4 Nc6 13.Ne4 Qe7 14.e3 Rd8 15.Qb3 Bd7
16.Qxb7 Rab8 17.Qc7 Rdc8 18.Qf4 e5 19.Qf3 Be6 20.Rfc1 Nb4 21.b3 Bb6 22.g4 Nd3
23.Rc3 Bxc4 24.bxc4 Nc5 25.Rd1 Rd8 26.Rd5 Rbc8 27.Qf5 Na4 28.Rxe5 Rd1+ 29.Bf1 Qd8
30.Ra3 Nb2 31.Rd5 Rxd5 32.Qxd5 Qe7 33.Rb3 Rd8 34.Qf5 Na4 35.Rd3 Rxd3 36.Bxd3 g6
37.Nf6+ Kg7 38.Nh5+ Kf8 39.Qc8+ Qd8 40.Qxd8+ Bxd8 41.Nf4 Ke7 42.Kf1 Kd6 43.Bc2 Nb6
44.Bb3 Kc5 45.Nd3+ Kc6 46.Ke2 Be7 47.h3 Kc7 48.f4 Nd7 49.c5 f6 50.Bf7 g5
51.Nb4 Nxc5 52.Nd5+ Kd6 53.Nxe7 Kxe7 54.Bg8 Kd6 55.Kf3 Ke7 56.h4 Kd6 57.hxg5 hxg5
58.Bb3 Ke7 59.Bc4 Kd6 60.e4 gxf4 61.Kxf4 Ke7 62.Kf5 Nd7 63.Bb5 Nc5 64.e5 fxe5
65.Kxe5 Kf7 66.Kd5 Ne6 67.Bd7 Nf4+ 68.Kc6 Nd3 69.Kb5 Kf6 70.a4 Nc1 71.a5 Nb3
72.Kb4 Nd4 73.Kc4 Ne2 74.Kd5 Nc1 75.Ba4 Kg5 76.Kc6 Kxg4 77.Kb7 Nd3 78.Kxa7 Nc5
79.Bd1+ Kf4 80.Kb6 Nd7+ 81.Kc6 Nb8+ 82.Kb7 Nd7 83.Ba4 Nc5+ 84.Kc6 Na6 85.Bb5 Nb4+
86.Kc5  1-0

[Event "Mar del Plata"]
[Site "Mar del Plata"]
[Date "1971.??.??"]
[Round "8"]
[White "Poch, Caesar G"]
[Black "Brond, Victor"]
[Result "0-1"]
[WhiteElo "2300"]
[BlackElo "2315"]

1.Nf3 Nf6 2.c4 g6 3.d4 Bg7 4.Nc3 d6 5.g3 O-O 6.Bg2 Nc6 7.O-O Bg4 8.h3 Bxf3
9.Bxf3 Nd7 10.e3 e5 11.d5 Ne7 12.Bg2 f5 13.e4 f4 14.b4 g5 15.c5 Nf6 16.Bd2 Ng6
17.Rc1 Rf7 18.cxd6 cxd6 19.a4 Bf8 20.Bf3 Rg7 21.Qe2 Kh8 22.Kh2 Rc8 23.Nb5 a6
24.Rxc8 Qxc8 25.Rc1 Qd8 26.Nc3 Be7 27.a5 Nf8 28.Bh5 Qd7 29.Bg4 Qe8 30.Bf5 Bd8
31.Nb1 Bc7 32.Na3 Qf7 33.Qd3 h5 34.b5 g4 35.h4 Ng6 36.b6 Bd8 37.Be1 Ng8 38.Rc8 Bxh4
39.Bxg6 Rxg6 40.gxh4 Qe7 41.f3 g3+ 42.Kg1 Qxh4 43.Rc2 Nf6 44.Nc4 Qh3 45.Qf1 Qd7
46.Nd2 g2 47.Qf2 Rg3 48.Qxg3 fxg3 49.Bxg3 h4 50.Bh2 h3 51.Nc4 Qa4 52.Ne3 Qxa5
53.Rc8+ Ng8 54.Bg3 Qa1+  0-1

[Event "Mar del Plata"]
[Site "Mar del Plata"]
[Date "1971.??.??"]
[Round "8"]
[White "Sumiacher, Carlos"]
[Black "Schweber, Samuel"]
[Result "1-0"]
[WhiteElo "2315"]
[BlackElo "2435"]

1.c4 Nf6 2.Nc3 e5 3.g3 Bb4 4.Bg2 O-O 5.e4 d6 6.Nge2 a5 7.O-O Nc6 8.d3 Bc5
9.h3 Ne8 10.Nb5 Be6 11.b3 Bd7 12.d4 exd4 13.Nbxd4 Nf6 14.Bb2 Re8 15.Qd3 Nxd4
16.Nxd4 a4 17.Rad1 axb3 18.Nxb3 Bb4 19.Nd4 Qe7 20.a3 Bc5 21.Rfe1 Ra4 22.Kh2 Bxd4
23.Qxd4 b5 24.e5 dxe5 25.Rxe5 Qf8 26.Rg5 h6 27.Rc5 Be6 28.Rxc7 Rxc4 29.Rxc4 Bxc4
30.Qf4 Qe7 31.Rd6 Nh7 32.Bc3 Rd8 33.Qd4  1-0

[Event "Mar del Plata"]
[Site "Mar del Plata"]
[Date "1971.??.??"]
[Round "9"]
[White "Polugaevsky, Lev"]
[Black "Savon, Vladimir A"]
[Result "1/2-1/2"]
[WhiteElo "2640"]
[BlackElo "2570"]

1.d4 Nf6 2.c4 e6 3.Nf3 b6 4.e3 Bb7 5.Bd3 Be7 6.O-O O-O 7.b3 d5 8.Bb2 Nbd7
9.Nc3 c5 10.cxd5 Nxd5 11.Nxd5 Bxd5 12.Qe2 cxd4 13.Nxd4 Nc5 14.Bc4 Rc8  1/2-1/2

[Event "Mar del Plata"]
[Site "Mar del Plata"]
[Date "1971.??.??"]
[Round "9"]
[White "Quinteros, Miguel A"]
[Black "Poch, Caesar G"]
[Result "0-1"]
[WhiteElo "2465"]
[BlackElo "2300"]

1.c4 Nf6 2.d4 g6 3.d5 c6 4.Nc3 b5 5.cxb5 cxb5 6.Nxb5 Qa5+ 7.Nc3 Bg7 8.Qd4 O-O
9.Bd2 e5 10.dxe6 dxe6 11.Ne4 Qf5 12.Ng3 Qb5 13.e3 Qb7 14.Qb4 Qd7 15.Bb5 Nc6
16.Qa4 Bb7 17.Nf3 Nd5 18.Nd4 Bxd4 19.Bxc6 Bxc6 20.Qxd4 Bb5 21.a4 e5 22.Qxe5 Ba6
23.Ne4 Qg4 24.Ng3 Rad8 25.Qd4 Qd7 26.Bc3 f6 27.Rd1 Rfe8 28.Ne2 Qf5 29.Rd2 Bxe2  0-1

[Event "Mar del Plata"]
[Site "Mar del Plata"]
[Date "1971.??.??"]
[Round "10"]
[White "Rubinetti, Jorge A"]
[Black "Schweber, Samuel"]
[Result "0-1"]
[WhiteElo "2425"]
[BlackElo "2435"]

1.d4 Nf6 2.c4 e6 3.Nc3 Bb4 4.e3 c5 5.Bd3 d5 6.Nf3 O-O 7.O-O dxc4 8.Bxc4 cxd4
9.exd4 Nc6 10.Bg5 Be7 11.Rc1 a6 12.Bd3 Nb4 13.Bb1 b6 14.Ne5 Bb7 15.Re1 Nbd5
16.Qd3 g6 17.Bh6 Re8 18.Qh3 Bf8 19.Bxf8 Rxf8 20.Qh6 Rc8 21.f3 Nxc3 22.bxc3 b5
23.Qd2 Rc7 24.Qb2 Nd5 25.c4 bxc4 26.Rxc4 Rxc4 27.Nxc4 Bc6 28.Ne5 Bb5 29.Bd3 Bxd3
30.Nxd3 Qd6 31.Rb1 Rd8 32.Nc5 Nf4 33.Nb3 Qb4 34.Kh1 Rb8 35.Rd1 a5 36.Qc1 Nd5
37.h4 a4 38.Nc5 Qb2 39.Qxb2 Rxb2 40.a3 Ra2 41.Nxa4 Rxa3 42.Nc5 Ra2 43.Rg1 Rd2
44.Nb3 Rd3 45.Rb1 Ne7 46.Kh2 Nf5 47.Kh3 h5 48.Rb2 Kf8 49.Rb1 Ke7 50.Nc5 Rxd4
51.Rb7+ Ke8 52.Rb8+ Rd8 53.Rxd8+ Kxd8 54.Nd3 Ke7 55.Ne5 Nh6 56.g3 Kd6 57.f4 Kd5
58.Kg2 Ke4 59.Nd7 Ng4 60.Nc5+ Ke3 61.Nd7 Ke2 62.Nc5 Ne3+ 63.Kh3 Kf2 64.Nd3+ Kg1
65.Ne5 f5  0-1

[Event "Mar del Plata"]
[Site "Mar del Plata"]
[Date "1971.??.??"]
[Round "10"]
[White "Panno, Oscar"]
[Black "Brond, Victor"]
[Result "1-0"]
[WhiteElo "2570"]
[BlackElo "2315"]

1.d4 Nf6 2.c4 c5 3.d5 e5 4.Nc3 d6 5.e4 g6 6.Bd3 Bg7 7.h3 a6 8.Nf3 Nbd7 9.Qe2 Rb8
10.a3 b6 11.Be3 Rb7 12.Rb1 Qc7 13.Nd2 h5 14.Nf3 Nh7 15.b4 Qd8 16.g3 Bf6 17.h4 Be7
18.Rb3 Ndf6 19.bxc5 bxc5 20.Rxb7 Bxb7 21.Qb2 Bc8 22.Bd2 Ng4 23.Ng1 f5 24.f3 Ngf6
25.Qb1 f4 26.Ke2 fxg3 27.Qe1 g2 28.Rh2 Ng4 29.fxg4 Bxg4+ 30.Ke3 g5 31.Rxg2 gxh4
32.Be2 h3 33.Rh2 Bh4 34.Qd1 Nf6 35.Nxh3 O-O 36.Kd3 Qd7 37.Ng5 Bxg5 38.Bxg5 Qg7
39.Bxf6 Rxf6 40.Rg2 Rg6 41.Bxg4 Rxg4 42.Rxg4  1-0

[Event "Mar del Plata"]
[Site "Mar del Plata"]
[Date "1971.??.??"]
[Round "10"]
[White "Sumiacher, Carlos"]
[Black "Polugaevsky, Lev"]
[Result "0-1"]
[WhiteElo "2315"]
[BlackElo "2640"]

1.c4 Nf6 2.g3 c6 3.Nf3 d5 4.Bg2 Bf5 5.Qb3 Qb6 6.cxd5 Qxb3 7.axb3 Nxd5 8.Nc3 Nb4
9.Nd4 e5 10.Rxa7 Rxa7 11.Nxf5 Nc2+ 12.Kd1 Na1 13.d3 g6 14.Be3 Ra6 15.Nh4 Nxb3
16.Nf3 Bg7 17.Kc2 Nd4+ 18.Bxd4 exd4 19.Ne4 Nd7 20.h4 f5 21.Neg5 Ke7 22.Nd2  0-1

[Event "Mar del Plata"]
[Site "Mar del Plata"]
[Date "1971.??.??"]
[Round "11"]
[White "Juarez, Carlos Eleodoro"]
[Black "Savon, Vladimir A"]
[Result "1/2-1/2"]
[WhiteElo "2340"]
[BlackElo "2570"]

1.e4 d6 2.d4 Nf6 3.Nc3 g6 4.Bg5 h6 5.Be3 Ng4 6.Bf4 Bg7 7.Nf3 Nc6 8.Bg3 e5
9.dxe5 Ngxe5 10.Nxe5 Nxe5 11.Be2 O-O 12.O-O Be6 13.Nd5 c6 14.Nf4 Bc4 15.c3 Re8
16.Re1 Qb6 17.b3 Bxe2 18.Rxe2 Rad8 19.Kh1 h5 20.f3 Bh6 21.Nd3 Qa5 22.Qc2 Bg7
23.Rd1 Nxd3 24.Rxd3 d5 25.e5 Qc7 26.f4 Qd7 27.Bh4 Rc8 28.Rg3 c5 29.h3 Rc6
30.Rd2 Qe6 31.Bg5 d4 32.cxd4 cxd4 33.Qe4 f6 34.Qxg6 fxg5 35.Qxg5 Kh7 36.Rxd4 Qf7
37.Rgd3 Bh6 38.Rd7 Bxg5 39.Rxf7+ Kg6 40.Rdd7 Bh6 41.h4 Rc1+ 42.Kh2 Bxf4+
43.Rxf4 Rxe5 44.Rxb7 Rc2 45.Rff7 Rxa2 46.Rg7+ Kh6 47.Rxa7 Rxa7 48.Rxa7 Rb5
49.Ra3 Kg6 50.Kg3 Rb4 51.Kf3 Rxh4 52.Ra2 Rb4 53.Rb2 Kf5 54.Kg3 h4+ 55.Kh3  1/2-1/2

[Event "Mar del Plata"]
[Site "Mar del Plata"]
[Date "1971.??.??"]
[Round "11"]
[White "Pilnik, Herman"]
[Black "Rubinetti, Jorge A"]
[Result "1-0"]
[WhiteElo "2420"]
[BlackElo "2425"]

1.e4 e5 2.Nf3 Nc6 3.Bb5 f5 4.d3 fxe4 5.dxe4 Nf6 6.O-O d6 7.Nc3 Be7 8.Qd3 Bg4
9.h3 Bxf3 10.Qxf3 O-O 11.Qd1 Kh8 12.Be3 Qe8 13.Nd5 Bd8 14.Nxf6 Bxf6 15.c3 Qg6
16.Qg4 Qxg4 17.hxg4 h6 18.g3 Bg5 19.f4 Bf6 20.Kg2 Rfe8 21.f5 Kg8 22.Rh1 Kf7
23.Bc4+ Ke7 24.Rh5 Nd8 25.g5 hxg5 26.Bxg5 Nf7 27.Be3 Rh8 28.Rah1 Rxh5 29.Rxh5 Rg8
30.Kf3 a6 31.Rh7 Rh8 32.Rxh8 Nxh8 33.Kg4 g6 34.fxg6 Nxg6 35.Kf5 Nf8 36.Bh6 Nd7
37.g4 Bh4 38.g5 c6 39.g6 Nf6 40.g7 d5 41.exd5 b5 42.d6+ Kxd6 43.Bb3  1-0

[Event "Mar del Plata"]
[Site "Mar del Plata"]
[Date "1971.??.??"]
[Round "11"]
[White "Quinteros, Miguel A"]
[Black "Panno, Oscar"]
[Result "1/2-1/2"]
[WhiteElo "2465"]
[BlackElo "2570"]

1.Nf3 Nf6 2.g3 b6 3.Bg2 Bb7 4.c4 e6 5.O-O Be7 6.Nc3 O-O 7.d4 Ne4 8.Nxe4 Bxe4
9.Bf4 d6 10.Qd2 Nd7 11.Qe3 Nf6 12.b4 Qc8 13.Bh3 Re8 14.Nd2 Bf5 15.Bxf5 exf5
16.Qd3 c6 17.Rac1 Qe6 18.Bg5 Rad8 19.e3 Qd7 20.a4 Ne4 21.Bxe7 Qxe7 22.Nxe4 fxe4
23.Qe2 c5 24.bxc5 bxc5 25.dxc5 dxc5 26.Rfd1 Qe6 27.Rxd8 Rxd8 28.Rd1 Rxd1+
29.Qxd1  1/2-1/2

[Event "Mar del Plata"]
[Site "Mar del Plata"]
[Date "1971.??.??"]
[Round "12"]
[White "Sumiacher, Carlos"]
[Black "Juarez, Carlos Eleodoro"]
[Result "1-0"]
[WhiteElo "2315"]
[BlackElo "2340"]

1.c4 e6 2.g3 c5 3.Bg2 Nc6 4.Nf3 Nf6 5.O-O Be7 6.d4 cxd4 7.Nxd4 O-O 8.Nc3 a6
9.b3 Qc7 10.Bb2 d6 11.Rc1 Bd7 12.Nd5 exd5 13.cxd5 Nxd5 14.Bxd5 Qa5 15.Nxc6 bxc6
16.Bxc6 Bxc6 17.Rxc6 Qxa2 18.Qa1 Qxa1 19.Rxa1 Rfb8 20.Raxa6 Rxa6 21.Rxa6 Rxb3
22.Ba3 Rb1+ 23.Kg2 Ra1 24.Ra8+ Bf8 25.e4 f6 26.f4 Kf7 27.Kf3 g6 28.g4 Bh6
29.Ra7+ Kg8 30.f5 Rf1+ 31.Ke2 Rf4 32.Bc1 Rxg4 33.Bxh6 Rxe4+ 34.Kf3 Re5 35.fxg6 hxg6
36.Rg7+ Kh8 37.Rxg6 Rf5+ 38.Bf4 d5 39.Rg2  1-0

[Event "Mar del Plata"]
[Site "Mar del Plata"]
[Date "1971.??.??"]
[Round "12"]
[White "Savon, Vladimir A"]
[Black "Brond, Victor"]
[Result "1-0"]
[WhiteElo "2570"]
[BlackElo "2315"]

1.c4 Nf6 2.Nc3 g6 3.e4 d6 4.d4 Bg7 5.f3 O-O 6.Be3 e5 7.Nge2 c6 8.Qd2 Nbd7
9.O-O-O Qa5 10.Kb1 a6 11.Nc1 Re8 12.dxe5 dxe5 13.Nb3 Qc7 14.c5 Bf8 15.Na4 Be7
16.Qc3 Nf8 17.Nb6 Rb8 18.Nc4 N6d7 19.h4 Ne6 20.Nd6 Rd8 21.Bc4 Ndxc5 22.Nxf7 Kxf7
23.Nxc5 Bxc5 24.Bxc5 Kf6 25.Rxd8 Qxd8 26.f4  1-0